000 00405nam a2200121Ia 4500
008 191108s9999 xx 000 0 und d
020 _a978-971-012-020-8
100 _aBarners, Emilie
245 _cEmilie Barners.--
_aGood manners for every occasion:
_bHow to look smart and act right /
260 _aMakati City:
_bShepherd House Publishers Inc.
_c2010
300 _a192 pages :
650 _a Etiquette.
999 _c362530
_d362530